000 00513pab a2200169 454500
008 180718b1998 xxu||||| |||| 00| 0 eng d
100 _aTsang Shu-Ki
245 _aSequencing, resistance and forced innovation: a longer view of China's financial reforms
260 _c1998
300 _ap.1323-362
362 _aSep
650 _aFinancial institutions - China
650 _aFinancial policy
650 _aFinancial institutions
773 _aInternational Journal of Public Administration
909 _a38613
999 _c38613
_d38613